Statistiques concernant Intercommunalité de l'Ardèche

Cliquez ici pour prendre le quiz!

Statistiques générales

  • Ce quiz a été pris 22 fois
  • Le résultat moyen est 8 sur 17

Statistiques - réponses

Nombres de communesIntercommunalités% Correct
42Communauté d'Agglomération Privas Centre Ardèche
100%
28Communauté de Communes du Bassin d'Aubenas
95%
29Communauté d'Agglomération Annonay Rhône Agglo
90%
08Communauté de Communes du Val d'Ay
90%
20Communauté de Communes des gorges de l'Ardèche
62%
11Communauté de Communes Val de Ligne
52%
29Communauté de Communes Val'Eyrieux
52%
15Communauté de Communes Pays des Vans en Cévennes
43%
13Communauté de Communes Rhône-Crussol
43%
09Communauté de Communes de Rhône aux Gorges de l'Ardèche
38%
19Communauté de Communes du Pays Beaume-Drobie
38%
41 (dont 21 dans la Drôme)Communauté d'Agglomération d'Ardèche en Hermitage
29%
16Communauté de Communes Ardèche des Sources et Volcans
24%
11Communauté de Communes du Pays de Lamastre
24%
15Communauté de Communes Ardèche Rhône Coiron
19%
13Communauté de Communes Berg et Coiron
19%
28Communauté de Communes de la Montagne d'Ardèche
10%

Distribution des résultats

Percentile par nombre de réponses

% des personnes avec chaque résultat

Votre développement - résultats

Vous n’avez pas pris ce quiz